| 000 | 00401nam a22001217a 4500 | ||
|---|---|---|---|
| 999 |
_c9944 _d9944 |
||
| 003 | OSt | ||
| 008 | 201217b ||||| |||| 00| 0 eng d | ||
| 245 | _aThe ICFAI Journal of Consumer Behavior | ||
| 250 | _a2008(Mar Vol.3 No.1, Jun Vol.3 No.2, Dec Vol.3 No.4) 2007(Sep Vol.2 No.3, Dec Vol.2 No.4) | ||
| 260 |
_aHyderabad, Andhra Pradesh _bICFAI University Press |
||
| 650 | _aManagement | ||
| 942 |
_2ddc _cBV |
||